Welcome to CU Library Online Public Access Catalogue (OPAC)

New service development: (Record no. 6908)

MARC details
000 -LEADER
fixed length control field 00416nam a2200169 4500
005 - DATE AND TIME OF LATEST TRANSACTION
control field 20250710154503.0
008 - FIXED-LENGTH DATA ELEMENTS--GENERAL INFORMATION
fixed length control field cu123
020 ## - INTERNATIONAL STANDARD BOOK NUMBER
International Standard Book Number 9780761917427
050 ## - LIBRARY OF CONGRESS CALL NUMBER
Classification number HD9980.5.N48 NEW
100 ## - MAIN ENTRY--PERSONAL NAME
Personal name FITZSIMMONS,A.James ed.
245 ## - TITLE STATEMENT
Title New service development:
Remainder of title creating memorable experiences
260 ## - PUBLICATION, DISTRIBUTION, ETC.
Place of publication, distribution, etc. London
Name of publisher, distributor, etc. Sage
Date of publication, distribution, etc. 2000
300 ## - PHYSICAL DESCRIPTION
Extent 328p
500 ## - GENERAL NOTE
General note index
700 ## - ADDED ENTRY--PERSONAL NAME
Personal name FITZSIMMONS,J.Mona
942 ## - ADDED ENTRY ELEMENTS (KOHA)
Source of classification or shelving scheme Library of Congress Classification
Koha item type Books
Suppress in OPAC No
999 ## -
-- 6908
-- 6908
Holdings
Withdrawn status Lost status Source of classification or shelving scheme Damaged status Not for loan Collection Home library Current library Shelving location Date acquired Total checkouts Full call number Barcode Date last seen Copy number Price effective from Koha item type
    Library of Congress Classification     Non-fiction Graduate Library (Christ Temple) Graduate Library (Christ Temple) General stacks 07/10/2025   HD 9980.5.N 48 NEW GSCT00001764 07/10/2025 1 07/10/2025 Books
    Library of Congress Classification     Non-fiction Graduate Library (Christ Temple) Graduate Library (Christ Temple) General stacks 07/10/2025   HD 9980.5.N 48 NEW GSCT00001765 07/10/2025 2 07/10/2025 Books
    Library of Congress Classification     Non-fiction Graduate Library (Christ Temple) Graduate Library (Christ Temple) General stacks 07/10/2025   HD 9980.5.N 48 NEW GSCT00001766 07/10/2025 3 07/10/2025 Books
    Library of Congress Classification     Non-fiction Graduate Library (Christ Temple) Graduate Library (Christ Temple) General stacks 07/10/2025   HD 9980.5.N 48 NEW GSCT00001767 07/10/2025 4 07/10/2025 Books
    Library of Congress Classification     Non-fiction Graduate Library (Christ Temple) Graduate Library (Christ Temple) General stacks 07/10/2025   HD 9980.5.N 48 NEW GSCT00001768 07/10/2025 5 07/10/2025 Books
© 2023-2024 Copyright: Central University Libraries. All Rights Reserved | Created by: Mahone Tech Office